Người đàn ông mưu cầu hạnh phúc = L'homme qui voulait être heureux
Đã lưu trong:
| Príomhúdar: | |
|---|---|
| Formáid: | Leabhar |
| Teanga: | Undetermined |
| Foilsithe: |
Hà Nội
Thông tin và Truyền thông
2014
|
| Ábhair: | |
| Clibeanna: |
Cuir Clib Leis
Gan Chlibeanna, Bí ar an gcéad duine leis an taifead seo a chlibeáil!
|
| Thư viện lưu trữ: | Trung tâm Học liệu Trường Đại học Cần Thơ |
|---|
| LEADER | 00672nam a2200217Ia 4500 | ||
|---|---|---|---|
| 001 | CTU_202909 | ||
| 008 | 210402s9999 xx 000 0 und d | ||
| 020 | |c 95000 | ||
| 082 | |a 843 | ||
| 082 | |b G711 | ||
| 100 | |a Gounelle, Laurent | ||
| 245 | 0 | |a Người đàn ông mưu cầu hạnh phúc = | |
| 245 | 0 | |b L'homme qui voulait être heureux | |
| 245 | 0 | |c Laurent Gounelle ; Hiệu CONSTANT (dịch) | |
| 260 | |a Hà Nội | ||
| 260 | |b Thông tin và Truyền thông | ||
| 260 | |c 2014 | ||
| 650 | |a Tiểu thuyết Pháp,French fiction | ||
| 904 | |i Nguyên | ||
| 910 | |a Khoa | ||
| 980 | |a Trung tâm Học liệu Trường Đại học Cần Thơ | ||